Economies of scale in cattle slaughtering plants.

Saved in:
Bibliographic Details
Main Author: Logan, Samuel Herschel
Format: Book
Language:English
Published: Wash. : National Commission on Food Marketing, 1966.
Series:Tec (United States - National Commission on Food Marketing).
Subjects:
LEADER 01110nam a22002651 4500
001 c000197469
003 CARM
005 20021125001700.0
008 851003s1966 wau 0 eng d
019 1 |a 3986345  |5 LACONCORD2021 
035 |a (OCoLC)20732812  |5 LACONCORD2021 
100 1 |a Logan, Samuel Herschel. 
245 1 0 |a Economies of scale in cattle slaughtering plants. 
260 |a Wash. :  |b National Commission on Food Marketing,  |c 1966. 
300 |a 44 f. 
490 1 |a Tech / (United States - National Commission on Food Marketing 
500 |a Xerox copy of typescript. 
650 0 |a Meat packers  |z United States. 
650 0 |a Meat industry and trade  |x Economic Aspects  |z United States. 
650 0 |a Slaughtering and slaughterhouses  |z United States  |x Management. 
830 0 |a Tec (United States - National Commission on Food Marketing). 
852 8 |b CARM  |h A2:AF37H0  |i F01020  |p 0304462  |f BK 
082 0 4 |a 658.916649 
999 f f |i 760bbd64-4dcc-598d-b7e7-27d208d66b56  |s aec6571e-026a-596e-865e-8a95cfcc4118 
952 f f |p Can circulate  |a CAVAL  |b CAVAL  |c CAVAL  |d CARM 1 Store  |e F01020  |f A2:AF37H0  |h Other scheme  |i book  |m 0304462